00915cam a22002291 4500001001300000003000400013005001700017008004100034010001700075035002000092040005700112050002400169100002800193245011200221260004300333300003500376490003300411500011500444650003400559650002300593830006900616l 26000275 DLC20260227111530.0890630s1926 dcub f000 0 eng c al 26000275  a(OCoLC)19953819 aU.S. Dept. of Labor. LibrarycMiDWdMiDWdOCoLCdDLC00aHV741b.A32 no. 1621 aLundberg, Emma Octavia.10aPublic aid to mothers with dependent children,bextent and fundamental principles,cby Emma O. Lundberg ... aWashington,bGovt. Print. Off.,c1926. aiii, 18 p. incl. maps.c23 cm.1 aBureau publication,vno. 162 aAt head of title: U.S. Department of Labor. James J. Davis, secretary. Children's bureau. Grace Abbott, chief. 0aChild welfarezUnited States. 0aMothers' pensions. 0aBureau publication (United States. Children's Bureau) ;vno. 162